ARRUPE JESUIT UNIVERSITY

CORONAVIRUS -STOP THE SPREAD - CLEAN,DISINFECT,COVER

You are my favorites / (Record no. 126024)

MARC details
000 -LEADER
fixed length control field 01126pam a2200313 i 4500
001 - CONTROL NUMBER
control field 881899
003 - CONTROL NUMBER IDENTIFIER
control field ARRUPE
005 - DATE AND TIME OF LATEST TRANSACTION
control field 20170202123816.0
008 - FIXED-LENGTH DATA ELEMENTS--GENERAL INFORMATION
fixed length control field 800507s1980 mau j 001 0 eng
010 ## - LIBRARY OF CONGRESS CONTROL NUMBER
LC control number 80015225
020 ## - INTERNATIONAL STANDARD BOOK NUMBER
International Standard Book Number 0819887013
040 ## - CATALOGING SOURCE
Original cataloging agency DLC
Transcribing agency DLC
Modifying agency DLC
041 1# - LANGUAGE CODE
Language code of text/sound track or separate title eng
Language code of original and/or intermediate translations of text und
042 ## - AUTHENTICATION CODE
Authentication code lcac
050 00 - LIBRARY OF CONGRESS CALL NUMBER
Classification number BX2355.J56 1980
082 00 - DEWEY DECIMAL CLASSIFICATION NUMBER
Classification number 248.4/8203
300 ## - PHYSICAL DESCRIPTION
Other physical details col. ill. ;
Dimensions 25 cm.
100 0# - MAIN ENTRY--PERSONAL NAME
Personal name John Paul
Numeration II,
Titles and other words associated with a name Pope,
Dates associated with a name 1920-2005.
9 (RLIN) 1322
240 10 - UNIFORM TITLE
Uniform title <a href="Speeches.">Speeches.</a>
Form subheading Selections.
Language of a work English
245 10 - TITLE STATEMENT
Title You are my favorites /
Statement of responsibility, etc Pope John Paul II ; [edited by the Daughters of St. Paul].
260 ## - PUBLICATION, DISTRIBUTION, ETC. (IMPRINT)
Place of publication, distribution, etc Boston, MA :
Name of publisher, distributor, etc Daughters of St. Paul,
Date of publication, distribution, etc c1980.
300 ## - PHYSICAL DESCRIPTION
Extent 187 p. :
500 ## - GENERAL NOTE
General note Includes index.
520 ## - SUMMARY, ETC.
Summary, etc Talks given to youth by Pope John Paul II on a variety of topics including faith, Jesus, the Mass, Christmas, friendship, violence, sports, the sacraments, holy days, and much more.
650 #0 - SUBJECT ADDED ENTRY--TOPICAL TERM
Topical term or geographic name as entry element Youth
General subdivision Religious life.
9 (RLIN) 1906
650 #1 - SUBJECT ADDED ENTRY--TOPICAL TERM
Topical term or geographic name as entry element Christian life.
9 (RLIN) 28511
710 2# - ADDED ENTRY--CORPORATE NAME
Corporate name or jurisdiction name as entry element Daughters of St. Paul.
9 (RLIN) 28512
906 ## - LOCAL DATA ELEMENT F, LDF (RLIN)
a 7
b cbc
c orignew
d 1
e ocip
f 19
g y-gencatlg
942 ## - ADDED ENTRY ELEMENTS (KOHA)
Source of classification or shelving scheme Library of Congress Classification
Koha item type Monograph ( Printed materials)
Holdings
Withdrawn status Lost status Source of classification or shelving scheme Damaged status Not for loan Collection code Home library Current library Shelving location Date acquired Total Checkouts Full call number Barcode Date last seen Price effective from Koha item type
    Library of Congress Classification     Main Collection ARRUPE LIBRARY ARRUPE LIBRARY Main Collection 02/02/2017   BX2355.J56 1980 46500024261 22/11/2017 02/02/2017 Monograph ( Printed materials)

 

Arrupe Library. PO Box MP320 Mt Pleasant, Harare, Zimbabwe
263 242 745411|librarian@aju.ac.zw